000 00786nam a2200217 i 4500
001 181372
003 ES-MaACL
005 20250716052853.0
008 121220s1874 sp |||| | spa d
080 _a027(460.27 M)
110 2 _aBiblioteca Nacional (España)
_92188
245 1 0 _aMemoria para la Biblioteca Nacional, en el presente año, 1874 /
_c[Cayetano Rosell].
260 _aMadrid :
_b[s.n.],
_c1874 (
_fImp. de Aribau)
300 _a39 p. ;
_c27 cm.
597 _aPort. con grab. xil.
610 2 4 _aBiblioteca Nacional (España)-
_vMemorias.
_9138862
700 1 _aRosell, Cayetano,
_d1817-1883
_999681
852 4 _aES-MaACL
_jT-162-F-4
_z- Enc. hol. en un vol. facticio
852 4 _aES-MaACL
_jT-389-F-12
_z- Enc. hol. en un vol. facticio
999 _c181372
_d181372